00371nam a2200133Ia 4500008004100000100005600041245003700097250001200134260003700146300000800183650002400191942000700215999001500222190216s9999||||xx |||||||||||||| ||und|| a"Hobart H Willard, Lynne L Merritt And John A Dean" 0aInstrumental Methods Of Analysis a5th Ed. bAffiliated East West Pressc1974 a860 aChemistry-Chemistry cBK c2352d2352